[Event "SCO-ch op 127th"]
[Site "Edinburgh"]
[Date "2022.07.06"]
[Round "5"]
[White "Bryson, Douglas Marshall"]
[Black "Dunnington, Angus J"]
[Result "1/2-1/2"]
[WhiteElo "2329"]
[BlackElo "2382"]
[PlyCount "58"]
[EventDate "2022.07.02"]
[EventType "swiss"]
[EventRounds "9"]
[EventCountry "SCO"]
[SourceTitle "CBM 209 Extra"]
[Source "ChessBase"]
[SourceDate "2022.09.30"]
[SourceVersion "1"]
[SourceVersionDate "2022.09.30"]
[SourceQuality "1"]

1. e4 g6 2. d4 d6 3. Nc3 c6 4. f4 d5 5. e5 h5 6. Nf3 Bg4 7. Be3 Nh6 8. h3 Nf5 9. Bf2 Bxf3 10. Qxf3 h4 11. Bd3 e6 12. 0-0 Nd7 13. Ne2 a5 14. b3 Ba3 15. c4 Kf8 16. Kh2 Nb6 17. Rad1 Kg7 18. Bc2 Be7 19. c5 Nd7 20. Qc3 b6 21. Ng1 Rb8 22. cxb6 Qxb6 23. Nf3 Rbc8 24. Bxf5 gxf5 25. Qe1 Qd8 26. Rc1 Nf8 27. Qe2 Qb6 28. Rc2 Ng6 29. Be3 Ba3 1/2-1/2

[Event "WchT Seniors 50"]
[Site "Prague"]
[Date "2020.03.12"]
[Round "7.1"]
[White "Bryson, Douglas Marshall"]
[Black "Arkell, Keith C"]
[Result "0-1"]
[WhiteElo "2334"]
[BlackElo "2447"]
[PlyCount "184"]
[EventDate "2020.03.06"]
[EventType "team-swiss"]
[EventRounds "7"]
[EventCountry "CZE"]
[SourceTitle "CBM 195 Extra"]
[Source "ChessBase"]
[SourceDate "2020.05.31"]
[SourceVersion "1"]
[SourceVersionDate "2020.05.31"]
[SourceQuality "1"]
[WhiteTeam "Scotland 50"]
[BlackTeam "England 50"]
[WhiteTeamCountry "SCO"]
[BlackTeamCountry "ENG"]

1. e4 d5 2. exd5 Qxd5 3. Nc3 Qd8 4. d4 Nf6 5. Nf3 Bg4 6. h3 Bxf3 7. Qxf3 c6 8. Be3 e6 9. Bc4 Nbd7 10. 0-0 Be7 11. Rad1 0-0 12. Ne2 Nb6 13. Bb3 a5 14. a3 a4 15. Ba2 Nfd5 16. Bd2 Qc7 17. c4 Nf6 18. Bf4 Qd7 19. Nc3 Bd8 20. Rfe1 Qc8 21. g4 Bc7 22. Bc1 Re8 23. g5 Nfd7 24. Ne4 Ra5 25. Ng3 c5 26. d5 Ne5 27. Qc3 exd5 28. cxd5 c4 29. d6 Nd5 30. Rxd5 Rxd5 31. Rxe5 Rexe5 32. dxc7 Qxc7 33. Bf4 b5 34. Bxe5 Qxe5 35. Qf3 Qxg5 36. Bb1 g6 37. Be4 Rd8 38. Kg2 h5 39. h4 Qe5 40. Bc6 Rd3 41. Qe4 Qxe4+ 42. Nxe4 Rb3 43. Nc3 Rxb2 44. Nxb5 Rb3 45. Kf1 Kg7 46. Ke2 f6 47. Kd2 g5 48. Nc3 gxh4 49. Bxa4 Rxa3 50. Bb5 Rb3 51. Bxc4 Rb2+ 52. Ke3 Rc2 53. Kd3 Rxf2 54. Ne4 Rf5 55. Be6 Ra5 56. Bh3 Ra3+ 57. Nc3 Kg6 58. Kd2 Kg5 59. Be6 f5 60. Bd5 h3 61. Nd1 Ra5 62. Bc6 Ra2+ 63. Ke1 h2 64. Nf2 Ra1+ 65. Ke2 Kf4 66. Nh1 Ra2+ 67. Kd3 h4 68. Bb7 Kg4 69. Bc6 Ra6 70. Bb7 Re6 71. Kd2 Re8 72. Nf2+ Kg5 73. Nh3+ Kf6 74. Nf2 Rb8 75. Bc6 Rb6 76. Bf3 Rb2+ 77. Ke1 h3 78. Bh1 Rc2 79. Bb7 Ke5 80. Nd3+ Kd4 81. Nf2 Ra2 82. Bc6 Ra3 83. Ke2 Re3+ 84. Kf1 Rb3 85. Ke2 Rc3 86. Bb7 Re3+ 87. Kf1 Rb3 88. Bc6 f4 89. Bh1 Ra3 90. Ke2 f3+ 91. Ke1 Ra1+ 92. Nd1 f2+ 0-1

[Event "WchT Seniors 50"]
[Site "Prague"]
[Date "2020.03.11"]
[Round "6.1"]
[White "Hracek, Zbynek"]
[Black "Bryson, Douglas Marshall"]
[Result "1-0"]
[WhiteElo "2572"]
[BlackElo "2334"]
[PlyCount "103"]
[EventDate "2020.03.06"]
[EventType "team-swiss"]
[EventRounds "7"]
[EventCountry "CZE"]
[SourceTitle "CBM 195 Extra"]
[Source "ChessBase"]
[SourceDate "2020.05.31"]
[SourceVersion "1"]
[SourceVersionDate "2020.05.31"]
[SourceQuality "1"]
[WhiteTeam "Czech Republic 50"]
[BlackTeam "Scotland 50"]
[WhiteTeamCountry "CZE"]
[BlackTeamCountry "SCO"]

1. e4 d5 2. exd5 Nf6 3. Nf3 Qxd5 4. Nc3 Qa5 5. d4 Bf5 6. Bd2 e6 7. Ne5 Qb6 8. Qf3 c6 9. 0-0-0 Nbd7 10. Nc4 Qd8 11. h3 Be7 12. g4 Bg6 13. Bd3 Bxd3 14. Qxd3 b5 15. Ne3 Nb6 16. f4 Nfd5 17. f5 Nxe3 18. Bxe3 exf5 19. gxf5 b4 20. Ne4 0-0 21. Rhg1 Kh8 22. Rg4 f6 23. Ng3 Qd5 24. b3 Qf7 25. Ne2 Nd5 26. Rdg1 Bd6 27. Rxg7 Qxg7 28. Rxg7 Kxg7 29. Bd2 Rac8 30. Ng3 Bxg3 31. Qxg3+ Kh8 32. Qd6 a5 33. a3 Rfd8 34. Qc5 Rb8 35. Kb2 Rdc8 36. Qxa5 Ra8 37. Qc5 bxa3+ 38. Ka2 Re8 39. Qc4 Rac8 40. Kxa3 Re7 41. Qa6 Rcc7 42. Kb2 Kg7 43. h4 Red7 44. h5 Ne7 45. Qe2 Rxd4 46. Bc3 Rd5 47. h6+ Kf8 48. Qe6 Nxf5 49. Bb4+ Ne7 50. Qxf6+ Ke8 51. Qh8+ Kd7 52. Bxe7 1-0

[Event "SCO-ch 123rd"]
[Site "Glasgow"]
[Date "2016.07.17"]
[Round "9"]
[White "Bryson, Douglas Marshall"]
[Black "Arakhamia Grant, Ketevan"]
[Result "0-1"]
[WhiteElo "2356"]
[BlackElo "2368"]
[PlyCount "130"]
[EventDate "2016.07.09"]
[EventType "swiss"]
[EventRounds "9"]
[EventCountry "SCO"]
[SourceTitle "CBM 173 Extra"]
[Source "ChessBase"]
[SourceDate "2016.08.29"]
[SourceVersion "1"]
[SourceVersionDate "2016.08.29"]
[SourceQuality "1"]

1. e4 c5 2. Nf3 e6 3. d4 cxd4 4. Nxd4 a6 5. Nc3 Qc7 6. Bd3 Nf6 7. f4 d6 8. Be3 Nbd7 9. Qf3 b5 10. g4 Nc5 11. g5 Nfd7 12. 0-0 Bb7 13. Rac1 b4 14. Nce2 d5 15. e5 g6 16. Ng3 h6 17. h4 hxg5 18. hxg5 0-0-0 19. Kg2 Kb8 20. Rh1 Bg7 21. Qe2 Nxe5 22. fxe5 Bxe5 23. Qg4 Bd6 24. a3 Rxh1 25. Nxh1 bxa3 26. b4 Nd7 27. b5 Ne5 28. Qh3 axb5 29. Bxb5 Qc3 30. Kf2 Qb2 31. Nb3 Rc8 32. Bd4 Rxc2+ 33. Rxc2 Qxc2+ 34. Ke1 Qe4+ 35. Kd1 Qb1+ 36. Ke2 Qe4+ 37. Kd1 Nc4 38. Nf2 Qb1+ 39. Ke2 Qc2+ 40. Ke1 Qb1+ 41. Ke2 a2 42. Qh8+ Kc7 43. Bxc4 dxc4 44. Nd2 Qb5 45. Kd1 e5 46. Bc3 a1Q+ 47. Bxa1 Qa4+ 48. Ke2 Qxa1 49. Qe8 Bd5 50. Nfe4 Qa3 51. Nf6 Qd3+ 52. Ke1 Be6 53. Qb5 Qe3+ 54. Kd1 Qg1+ 55. Ke2 Bg4+ 56. Nxg4 Qxg4+ 57. Ke1 c3 58. Qa5+ Kd7 59. Qb5+ Ke7 60. Nc4 Qe4+ 61. Kd1 Qd3+ 62. Kc1 e4 63. Qb7+ Kf8 64. Qxf7+ Kxf7 65. Ne5+ Ke6 0-1

[Event "SCO-ch 123rd"]
[Site "Glasgow"]
[Date "2016.07.13"]
[Round "5"]
[White "Bryson, Douglas Marshall"]
[Black "Birkett, Richard"]
[Result "1/2-1/2"]
[WhiteElo "2356"]
[BlackElo "2053"]
[PlyCount "148"]
[EventDate "2016.07.09"]
[EventType "swiss"]
[EventRounds "9"]
[EventCountry "SCO"]
[SourceTitle "CBM 173 Extra"]
[Source "ChessBase"]
[SourceDate "2016.08.29"]
[SourceVersion "1"]
[SourceVersionDate "2016.08.29"]
[SourceQuality "1"]

1. e4 e5 2. Bc4 Nf6 3. d3 c6 4. Nf3 d5 5. Bb3 Bd6 6. exd5 cxd5 7. Bg5 e4 8. dxe4 dxe4 9. Nfd2 0-0 10. Nc3 Bf5 11. Nc4 Bb4 12. Ne3 Be6 13. 0-0 Bxc3 14. bxc3 Qxd1 15. Raxd1 Nbd7 16. Rd6 Bxb3 17. axb3 h6 18. Bh4 Rfc8 19. c4 Rc6 20. Rxc6 bxc6 21. Ra1 a5 22. Bg3 Ne8 23. Nf5 Kf8 24. Kf1 h5 25. Ke2 g6 26. Nd4 Ra6 27. Bf4 c5 28. Nb5 Ke7 29. Bd2 a4 30. Nc3 a3 31. Bc1 Nc7 32. Rxa3 Rxa3 33. Bxa3 f5 34. Nd5+ Kd6 35. Nxc7 Kxc7 36. Bb2 Kd6 37. f3 exf3+ 38. Kxf3 Nf8 39. Bc1 Ne6 40. Bf4+ Kc6 41. c3 g5 42. Be5 Kb6 43. Ke3 h4 44. b4 Kc6 45. h3 Kb6 46. Bh2 Kc6 47. Bg1 Nf4 48. Kf3 Ne6 49. Be3 Kd6 50. Ke2 Kc6 51. Kd3 Kd6 52. Ke2 Kc6 53. Kf3 Kd6 54. bxc5+ Kc6 55. Bxg5 Nxg5+ 56. Kf4 Nf7 57. Kxf5 Kxc5 58. Kg4 Kxc4 59. Kxh4 Kxc3 60. Kh5 Kd4 61. Kg6 Ne5+ 62. Kf5 Kd5 63. g4 Nf7 64. Kf6 Nd6 65. h4 Ne4+ 66. Kg6 Ke6 67. g5 Ke7 68. Kg7 Ke6 69. g6 Nf6 70. Kh6 Ng8+ 71. Kg5 Ke7 72. h5 Kf8 73. h6 Ne7 74. Kf6 Ng8+ 1/2-1/2

[Event "WchT Seniors 50"]
[Site "Dresden"]
[Date "2015.03.01"]
[Round "6.4"]
[White "Petran, Peter"]
[Black "Bryson, Douglas Marshall"]
[Result "1/2-1/2"]
[WhiteElo "2352"]
[BlackElo "2351"]
[PlyCount "67"]
[EventDate "2015.02.24"]
[EventType "team-swiss"]
[EventRounds "9"]
[EventCountry "GER"]
[SourceTitle "CBM 165 Extra"]
[Source "ChessBase"]
[SourceDate "2015.04.21"]
[SourceVersion "1"]
[SourceVersionDate "2015.04.21"]
[SourceQuality "1"]
[WhiteTeam "Slovakia"]
[BlackTeam "Scotland"]
[WhiteTeamCountry "SVK"]
[BlackTeamCountry "SCO"]

1. g3 e5 2. c4 c6 3. d4 exd4 4. Qxd4 d5 5. cxd5 cxd5 6. Bg2 Be6 7. Nh3 Nc6 8. Qd1 Bb4+ 9. Bd2 Bxd2+ 10. Qxd2 Nf6 11. Nf4 0-0 12. 0-0 Qb6 13. Nc3 Rad8 14. Rfd1 Rfe8 15. Ncxd5 Bxd5 16. Nxd5 Nxd5 17. Bxd5 Re5 18. e4 Rxe4 19. Bxe4 Rxd2 20. Rxd2 Ne5 21. Rad1 g6 22. b3 h5 23. h3 h4 24. Kg2 hxg3 25. fxg3 Kg7 26. Re2 f6 27. Rf1 Qb4 28. Kh2 b5 29. Bg2 Qc3 30. Rff2 Qd4 31. Rd2 Qb6 32. Rfe2 a5 33. Re4 Qc5 34. Rde2 1/2-1/2

[Event "SCO-ch 120th"]
[Site "Helensburgh"]
[Date "2013.07.13"]
[Round "8"]
[White "Stone, Andrew M"]
[Black "Bryson, Douglas Marshall"]
[Result "1/2-1/2"]
[WhiteElo "2190"]
[BlackElo "2362"]
[PlyCount "85"]
[EventDate "2013.07.06"]
[EventType "swiss"]
[EventRounds "9"]
[EventCountry "SCO"]
[SourceTitle "EXT 2014"]
[Source "ChessBase"]
[SourceDate "2013.11.20"]
[SourceVersion "1"]
[SourceVersionDate "2013.11.20"]
[SourceQuality "1"]

1. c4 e6 2. g3 d5 3. Bg2 Nf6 4. Nf3 Be7 5. 0-0 0-0 6. b3 c5 7. e3 Nc6 8. Bb2 d4 9. exd4 cxd4 10. Re1 Ne8 11. Ne5 Nxe5 12. Rxe5 f6 13. Re1 e5 14. Ba3 Bxa3 15. Nxa3 Nc7 16. c5 Rb8 17. Rc1 b5 18. Qe2 Be6 19. Rf1 Re8 20. d3 Nd5 21. Nb1 Rc8 22. a3 a5 23. Qd2 b4 24. axb4 Nxb4 25. Na3 Qe7 26. c6 Bf5 27. Nc4 Nxd3 28. Nb6 Nxc1 29. Nxc8 Bxc8 30. Rxc1 Qa3 31. Bd5+ Kf8 32. Qd1 Qd6 33. Qf3 f5 34. Be4 Qf6 35. Bd5 e4 36. Qe2 Qd6 37. Qb5 Re5 38. Rc5 e3 39. fxe3 dxe3 40. Kf1 e2+ 41. Ke1 g5 42. Qc4 Ba6 43. c7 1/2-1/2

[Event "SCO-ch 119th"]
[Site "Glasgow"]
[Date "2012.07.14"]
[Round "8"]
[White "Bryson, Douglas Marshall"]
[Black "Ruck, Robert"]
[Result "1/2-1/2"]
[WhiteElo "2350"]
[BlackElo "2569"]
[PlyCount "42"]
[EventDate "2012.07.07"]
[EventType "swiss"]
[EventRounds "9"]
[EventCountry "SCO"]
[SourceTitle "CBM 149 Extra"]
[Source "ChessBase"]
[SourceDate "2012.08.24"]
[SourceVersion "1"]
[SourceVersionDate "2012.08.24"]
[SourceQuality "1"]

1. e4 c6 2. d4 d5 3. exd5 cxd5 4. c4 Nf6 5. Nc3 e6 6. Nf3 Bb4 7. cxd5 exd5 8. Bd3 0-0 9. 0-0 Bg4 10. Bg5 Bxc3 11. bxc3 Nbd7 12. h3 Bh5 13. Re1 Qa5 14. Qb3 Bxf3 15. gxf3 Rfe8 16. Bf4 Nf8 17. Be5 Ng6 18. Bxg6 hxg6 19. Qxb7 Qxc3 20. Kg2 Qa5 21. Re3 Qb6 1/2-1/2

[Event "SCO-ch 119th"]
[Site "Glasgow"]
[Date "2012.07.09"]
[Round "3"]
[White "Schmerwitz, Reinhard"]
[Black "Bryson, Douglas Marshall"]
[Result "0-1"]
[WhiteElo "1874"]
[BlackElo "2350"]
[PlyCount "88"]
[EventDate "2012.07.07"]
[EventType "swiss"]
[EventRounds "9"]
[EventCountry "SCO"]
[SourceTitle "CBM 149 Extra"]
[Source "ChessBase"]
[SourceDate "2012.08.24"]
[SourceVersion "1"]
[SourceVersionDate "2012.08.24"]
[SourceQuality "1"]

1. e4 d5 2. exd5 Nf6 3. Bb5+ Bd7 4. Be2 Nxd5 5. d4 Bf5 6. Nf3 e6 7. 0-0 Nc6 8. a3 Bg4 9. c3 Bd6 10. Ne5 Bxe2 11. Qxe2 Bxe5 12. dxe5 Qh4 13. Nd2 0-0-0 14. Nf3 Qh5 15. c4 Nde7 16. Bg5 Rd7 17. Bxe7 Nxe7 18. Rad1 Rhd8 19. Rxd7 Rxd7 20. Rd1 Rxd1+ 21. Qxd1 Nc6 22. Qe2 Qf5 23. h3 Qb1+ 24. Kh2 Qc1 25. Qe4 Qxb2 26. Qxh7 Nxe5 27. Qe4 Nxf3+ 28. Qxf3 Qe5+ 29. g3 f5 30. Qb3 b6 31. Kg2 a6 32. h4 b5 33. cxb5 axb5 34. a4 Qe4+ 35. Kg1 bxa4 36. Qb5 Kd8 37. Qb8+ Kd7 38. Qb5+ Qc6 39. Qe5 g6 40. Qg7+ Kc8 41. Qxg6 a3 42. Qg8+ Kb7 43. Qf8 Qc3 44. Qe8 Qb3 0-1

[Event "SCO-ch 119th"]
[Site "Glasgow"]
[Date "2012.07.08"]
[Round "2"]
[White "Bryson, Douglas Marshall"]
[Black "Barnaure, Vlad Victor"]
[Result "1/2-1/2"]
[WhiteElo "2350"]
[BlackElo "2511"]
[PlyCount "123"]
[EventDate "2012.07.07"]
[EventType "swiss"]
[EventRounds "9"]
[EventCountry "SCO"]
[SourceTitle "CBM 149 Extra"]
[Source "ChessBase"]
[SourceDate "2012.08.24"]
[SourceVersion "1"]
[SourceVersionDate "2012.08.24"]
[SourceQuality "1"]

1. e4 c5 2. Nf3 g6 3. d4 Bg7 4. dxc5 Qa5+ 5. c3 Qxc5 6. Na3 d6 7. Nb5 Qc6 8. Be3 a6 9. Nfd4 Qd7 10. Qa4 Nc6 11. Nxc6 bxc6 12. Na3 Rb8 13. Nc4 c5 14. Qxd7+ Bxd7 15. 0-0-0 Be6 16. Kc2 Nf6 17. f3 0-0 18. Na5 Rfe8 19. b3 Nd7 20. Be2 f5 21. Bc4 Bxc4 22. Nxc4 fxe4 23. fxe4 Nf6 24. e5 Ne4 25. Rhe1 Rbd8 26. Bg1 d5 27. Nd2 Nxd2 28. Rxd2 c4 29. Bd4 e6 30. Rb1 cxb3+ 31. axb3 Rc8 32. Kd3 Rf8 33. Ra2 Rf5 34. Rxa6 Bxe5 35. Rxe6 Bxd4 36. Kxd4 Rf2 37. Re3 Rxg2 38. h3 Rd2+ 39. Rd3 Rc2 40. b4 Rc4+ 41. Kxd5 R4xc3 42. Rxc3 Rxc3 43. b5 Rxh3 44. b6 Rd3+ 45. Kc6 Rc3+ 46. Kb5 Rc8 47. b7 Rb8 48. Kc6 Kf7 49. Kc7 Rxb7+ 50. Kxb7 Ke6 51. Kc6 h5 52. Rg1 Kf5 53. Kd5 Kf4 54. Rxg6 h4 55. Rh6 Kg3 56. Ke4 h3 57. Ke3 Kg2 58. Rg6+ Kf1 59. Rf6+ Kg1 60. Kf3 h2 61. Rg6+ Kf1 62. Rh6 1/2-1/2

[Event "SCO-ch 119th"]
[Site "Glasgow"]
[Date "2012.07.07"]
[Round "1"]
[White "Bamber, Elaine"]
[Black "Bryson, Douglas Marshall"]
[Result "0-1"]
[WhiteElo "2091"]
[BlackElo "2350"]
[PlyCount "58"]
[EventDate "2012.07.07"]
[EventType "swiss"]
[EventRounds "9"]
[EventCountry "SCO"]
[SourceTitle "CBM 149 Extra"]
[Source "ChessBase"]
[SourceDate "2012.08.24"]
[SourceVersion "1"]
[SourceVersionDate "2012.08.24"]
[SourceQuality "1"]

1. e4 d5 2. exd5 Nf6 3. d4 Bg4 4. Nf3 Nxd5 5. c4 Nb6 6. c5 N6d7 7. Be2 Nc6 8. Qa4 e5 9. dxe5 Bxf3 10. Bxf3 Ncxe5 11. 0-0 Bxc5 12. Bxb7 Rb8 13. Bc6 Nxc6 14. Qxc6 0-0 15. Nc3 Rb6 16. Qa4 Re8 17. Bf4 Rb4 18. Qc6 Rxf4 19. Nd5 Rc4 20. Qb5 Rce4 21. Rad1 Bd6 22. Nc3 Rb4 23. Qa5 Rxb2 24. Nb5 Nf6 25. a4 Qb8 26. Qc3 Rbe2 27. Rc1 Bf4 28. Rb1 Ne4 29. Qf3 Nd2 0-1

[Event "SCO-ch"]
[Site "Cumbernauld"]
[Date "2007.07.12"]
[Round "6"]
[White "Fraser, Mark Gordon"]
[Black "Bryson, Douglas Marshall"]
[Result "1/2-1/2"]
[WhiteElo "2208"]
[BlackElo "2352"]
[PlyCount "118"]
[EventDate "2007.07.07"]
[EventType "tourn"]
[EventRounds "9"]
[EventCountry "SCO"]
[SourceTitle "CBM 119 Extra"]
[Source "ChessBase"]
[SourceDate "2007.09.04"]
[SourceVersion "1"]
[SourceVersionDate "2007.09.04"]
[SourceQuality "1"]

1. e4 d5 2. exd5 Nf6 3. d4 Nxd5 4. Nf3 Bg4 5. Be2 e6 6. 0-0 Nc6 7. c4 Nb6 8. b3 Qd7 9. Be3 0-0-0 10. Ne5 Bxe2 11. Qxe2 Nxe5 12. dxe5 Qd3 13. Qf3 Qg6 14. Nc3 Nd7 15. Bf4 Qf5 16. Qe4 g6 17. Qxf5 gxf5 18. Bg5 Re8 19. f4 Bc5+ 20. Kh1 Rhg8 21. Bh4 Rg4 22. Be1 Reg8 23. g3 Bd4 24. Rd1 Bxc3 25. Bxc3 Nc5 26. Rf3 Rd8 27. Rxd8+ Kxd8 28. Kg2 h5 29. Bb4 Ne4 30. Rd3+ Ke8 31. Be1 Rg8 32. Bb4 c5 33. Ba5 b6 34. Be1 Ke7 35. Rd1 Rb8 36. a4 a6 37. Rd3 b5 38. cxb5 axb5 39. axb5 Rxb5 40. Kf3 Rb8 41. h3 Ra8 42. g4 hxg4+ 43. hxg4 Rh8 44. gxf5 exf5 45. Kg2 Ke6 46. Rd1 Ra8 47. Rd3 Ra1 48. Re3 Rb1 49. Kf3 Rb2 50. Rd3 f6 51. exf6 Nxf6 52. Re3+ Ne4 53. Rd3 Kf7 54. Ba5 Ke6 55. Be1 Nd6 56. Ba5 Nb5 57. Re3+ Kd6 58. Bc3 Nxc3 59. Rxc3 Kd5 1/2-1/2

[Event "SCO-ch"]
[Site "Cumbernauld"]
[Date "2007.07.09"]
[Round "3"]
[White "Bryson, Douglas Marshall"]
[Black "Hilton, Stephen H"]
[Result "1-0"]
[WhiteElo "2352"]
[BlackElo "1992"]
[PlyCount "47"]
[EventDate "2007.07.07"]
[EventType "tourn"]
[EventRounds "9"]
[EventCountry "SCO"]
[SourceTitle "CBM 119 Extra"]
[Source "ChessBase"]
[SourceDate "2007.09.04"]
[SourceVersion "1"]
[SourceVersionDate "2007.09.04"]
[SourceQuality "1"]

1. e4 c5 2. Nf3 d6 3. d4 cxd4 4. Nxd4 Nf6 5. Nc3 a6 6. Bg5 e6 7. f4 Qb6 8. Qd2 Qxb2 9. Nb3 Qa3 10. Bxf6 gxf6 11. Be2 Nc6 12. 0-0 Be7 13. Bh5 Bd7 14. Kh1 Rf8 15. Rf3 0-0-0 16. Rb1 f5 17. exf5 d5 18. Qe2 Bf6 19. Bxf7 Rxf7 20. fxe6 Re7 21. exd7+ Rdxd7 22. Qd2 Nb4 23. Nc5 Rd6 24. Nb5 1-0

[Event "SCO-ch"]
[Site "Cumbernauld"]
[Date "2007.07.07"]
[Round "1"]
[White "Bryson, Douglas Marshall"]
[Black "Stevenson, James"]
[Result "1-0"]
[WhiteElo "2352"]
[BlackElo "2078"]
[PlyCount "65"]
[EventDate "2007.07.07"]
[EventType "tourn"]
[EventRounds "9"]
[EventCountry "SCO"]
[SourceTitle "CBM 119 Extra"]
[Source "ChessBase"]
[SourceDate "2007.09.04"]
[SourceVersion "1"]
[SourceVersionDate "2007.09.04"]
[SourceQuality "1"]

1. e4 c5 2. Nf3 d6 3. d4 cxd4 4. Nxd4 Nf6 5. Nc3 g6 6. Be3 Bg7 7. f3 Nc6 8. Qd2 0-0 9. Bc4 Bd7 10. h4 Ne5 11. Bb3 h5 12. 0-0-0 Rc8 13. Kb1 Nc4 14. Bxc4 Rxc4 15. Nb3 a5 16. e5 Ne8 17. Nd5 Bc6 18. Qxa5 Qd7 19. Nb6 Qe6 20. Nxc4 Qxc4 21. Bd4 dxe5 22. Bxe5 Nf6 23. Bc3 Kh7 24. Qb4 Qe2 25. Rd2 Qe3 26. Qd4 Qh6 27. Re2 Bh8 28. Qd2 e6 29. Rd1 Bb5 30. Ree1 Rc8 31. Be5 Qf8 32. Qd4 Qe7 33. g4 1-0

[Event "SCO-ch"]
[Site "Oban"]
[Date "2005.07.08"]
[Round "7"]
[White "Bryson, Douglas Marshall"]
[Black "Jamieson, Ian M"]
[Result "1-0"]
[WhiteElo "2371"]
[BlackElo "2064"]
[PlyCount "35"]
[EventDate "2005.07.02"]
[EventType "swiss"]
[EventRounds "9"]
[EventCountry "SCO"]
[SourceTitle "CBM 107 Extra"]
[Source "ChessBase"]
[SourceDate "2005.09.01"]
[SourceVersion "1"]
[SourceVersionDate "2005.09.01"]
[SourceQuality "1"]

1. e4 e6 2. d4 a6 3. Bd3 b5 4. Nf3 Bb7 5. 0-0 c5 6. c3 Nf6 7. Re1 d5 8. e5 Nfd7 9. Nbd2 Qb6 10. Nf1 b4 11. Ng3 a5 12. Ng5 h6 13. Qh5 g6 14. Bxg6 fxg6 15. Qxg6+ Ke7 16. Qf7+ Kd8 17. Nxe6+ Kc8 18. Qe8+ 1-0

[Event "SCO-ch"]
[Site "Oban"]
[Date "2005.07.04"]
[Round "3"]
[White "Bryson, Douglas Marshall"]
[Black "Burnett, Andrew"]
[Result "1/2-1/2"]
[WhiteElo "2371"]
[BlackElo "2191"]
[PlyCount "92"]
[EventDate "2005.07.02"]
[EventType "swiss"]
[EventRounds "9"]
[EventCountry "SCO"]
[SourceTitle "CBM 107 Extra"]
[Source "ChessBase"]
[SourceDate "2005.09.01"]
[SourceVersion "1"]
[SourceVersionDate "2005.09.01"]
[SourceQuality "1"]

1. e4 c5 2. Nf3 d6 3. d4 Nf6 4. Nc3 cxd4 5. Nxd4 g6 6. Be3 Bg7 7. f3 Nc6 8. Qd2 0-0 9. Bc4 Bd7 10. h4 Ne5 11. Bb3 h5 12. 0-0-0 Rc8 13. Bh6 Bxh6 14. Qxh6 Rxc3 15. bxc3 Qa5 16. Kb1 b5 17. Ne2 Qa3 18. Nf4 Nc4 19. Nd3 Be6 20. g4 Qa5 21. gxh5 Qxc3 22. Qc1 Nxh5 23. a3 a5 24. Bxc4 Qxc4 25. Qb2 Rb8 26. Rhe1 b4 27. axb4 Nf4 28. Kc1 Nxd3+ 29. Rxd3 Rxb4 30. Qc3 Qb5 31. Rd4 Qe5 32. Red1 Qf4+ 33. Qd2 Qxf3 34. Rxb4 axb4 35. Qxb4 Qf4+ 36. Kb2 Qxh4 37. Qd4 f6 38. Ra1 Kf7 39. Ra7 Qf4 40. Rc7 g5 41. Kc3 g4 42. Qa7 Qxe4 43. Rxe7+ Kg6 44. Rg7+ Kf5 45. Qf2+ Qf4 46. Qh4 Qe3+ 1/2-1/2

[Event "SCO-ch"]
[Site "Oban"]
[Date "2005.07.03"]
[Round "2"]
[White "Muir, Andrew Joseph"]
[Black "Bryson, Douglas Marshall"]
[Result "1-0"]
[WhiteElo "2322"]
[BlackElo "2371"]
[PlyCount "93"]
[EventDate "2005.07.02"]
[EventType "swiss"]
[EventRounds "9"]
[EventCountry "SCO"]
[SourceTitle "CBM 107 Extra"]
[Source "ChessBase"]
[SourceDate "2005.09.01"]
[SourceVersion "1"]
[SourceVersionDate "2005.09.01"]
[SourceQuality "1"]

1. d4 Nf6 2. c4 e6 3. Nc3 Bb4 4. e3 c5 5. Nge2 cxd4 6. exd4 d5 7. c5 Ne4 8. Bd2 Bxc3 9. Nxc3 0-0 10. Nxe4 dxe4 11. Be3 Nd7 12. Bc4 Nf6 13. Qc2 Bd7 14. 0-0 Bc6 15. b4 Bd5 16. Bf4 Bxc4 17. Qxc4 Nd5 18. Bd6 Re8 19. Rfe1 f5 20. Rab1 Rc8 21. Be5 Qd7 22. b5 h6 23. Rb3 Kh7 24. Rc1 Qf7 25. Qe2 Red8 26. Rc4 Ne7 27. Rbc3 Nd5 28. Ra3 Ra8 29. h3 Rdc8 30. Ra5 b6 31. Ra3 Qe8 32. Rg3 g6 33. Rb3 Qe7 34. Bd6 Qd7 35. Be5 Qe7 36. Qc2 Qb7 37. a4 Qd7 38. a5 bxa5 39. Ra4 Nb4 40. Qc4 Nd3 41. c6 Qe7 42. Rxa5 Nxe5 43. dxe5 Qc7 44. Rba3 Re8 45. Qc5 Re7 46. b6 axb6 47. Qxe7+ 1-0

[Event "SCO-ch 111th"]
[Site "Hamilton"]
[Date "2004.07.14"]
[Round "5"]
[White "Holmes, Donald A"]
[Black "Bryson, Douglas Marshall"]
[Result "1/2-1/2"]
[WhiteElo "2290"]
[BlackElo "2374"]
[PlyCount "51"]
[EventDate "2004.07.10"]
[EventType "swiss"]
[EventRounds "9"]
[EventCountry "SCO"]
[SourceTitle "CBM 101 Extra"]
[Source "ChessBase"]
[SourceDate "2004.09.01"]
[SourceVersion "2"]
[SourceVersionDate "2004.09.01"]
[SourceQuality "1"]

1. e4 d5 2. exd5 Nf6 3. d4 Bg4 4. Nf3 Qxd5 5. Nc3 Qa5 6. h3 Bh5 7. g4 Bg6 8. Ne5 e6 9. Bg2 c6 10. 0-0 Nbd7 11. Qe2 Bb4 12. Nxg6 hxg6 13. Ne4 Nxe4 14. Qxe4 Bd2 15. c3 Bxc1 16. Rfxc1 0-0 17. f4 Qb6 18. b3 a5 19. g5 Qc7 20. c4 Rfd8 21. d5 Nc5 22. Qe3 cxd5 23. cxd5 Rac8 24. dxe6 fxe6 25. Rc3 b6 26. a3 1/2-1/2

[Event "SCO-ch 111th"]
[Site "Hamilton"]
[Date "2004.07.13"]
[Round "4"]
[White "Bryson, Douglas Marshall"]
[Black "Shaw, John"]
[Result "1/2-1/2"]
[WhiteElo "2374"]
[BlackElo "2424"]
[PlyCount "85"]
[EventDate "2004.07.10"]
[EventType "swiss"]
[EventRounds "9"]
[EventCountry "SCO"]
[SourceTitle "CBM 101 Extra"]
[Source "ChessBase"]
[SourceDate "2004.09.01"]
[SourceVersion "2"]
[SourceVersionDate "2004.09.01"]
[SourceQuality "1"]

1. e4 c5 2. Nf3 Nc6 3. d4 cxd4 4. Nxd4 e5 5. Nb5 d6 6. N1c3 a6 7. Na3 b5 8. Nd5 Nge7 9. c4 Nd4 10. cxb5 Nxd5 11. exd5 Bd7 12. Bd3 axb5 13. 0-0 Be7 14. Be3 Rb8 15. Bxd4 exd4 16. Qe2 b4 17. Nc4 0-0 18. Rfe1 Re8 19. Qe4 g6 20. Qxd4 Bf6 21. Qf4 Rxe1+ 22. Rxe1 Bb5 23. Qd2 Bxc4 24. Bxc4 Qb6 25. Re4 Kg7 26. g3 Rb7 27. Bb3 Rb8 28. Kg2 Rb7 29. h4 h5 30. g4 hxg4 31. Rxg4 Qd8 32. h5 Qh8 33. hxg6 fxg6 34. Bc2 g5 35. Qd3 Qh5 36. Rg3 Re7 37. Rh3 Qg4+ 38. Rg3 Qh5 39. Rh3 Qg4+ 40. Kf1 Kf8 41. Rf3 Rf7 42. Bd1 Qd4 43. Qxd4 1/2-1/2

[Event "Olympiad-35"]
[Site "Bled"]
[Date "2002.10.28"]
[Round "3.4"]
[White "Bryson, Douglas Marshall"]
[Black "Luther, Thomas"]
[Result "1/2-1/2"]
[WhiteElo "2388"]
[BlackElo "2538"]
[PlyCount "55"]
[EventDate "2002.10.26"]
[EventType "team-swiss"]
[EventRounds "14"]
[EventCountry "SLO"]
[SourceTitle "EXT 2003"]
[Source "ChessBase"]
[SourceDate "2002.11.25"]
[SourceVersion "1"]
[SourceVersionDate "2002.11.25"]
[SourceQuality "1"]
[WhiteTeam "Scotland"]
[BlackTeam "Germany"]
[WhiteTeamCountry "SCO"]
[BlackTeamCountry "GER"]

1. e4 Nf6 2. e5 Nd5 3. d4 d6 4. c4 Nb6 5. f4 dxe5 6. fxe5 c5 7. d5 e6 8. Nc3 exd5 9. cxd5 c4 10. d6 Nc6 11. Nf3 Bg4 12. Bf4 g5 13. Ne4 gxf4 14. Nf6+ Qxf6 15. exf6 0-0-0 16. Qc1 Re8+ 17. Kf2 Bxd6 18. Bxc4 Bc5+ 19. Kf1 Be3 20. Qc3 Nxc4 21. Qxc4 Rd8 22. Re1 Bxf3 23. gxf3 Rd2 24. Re2 Rd1+ 25. Re1 Rd2 26. Re2 Rd1+ 27. Re1 Rd2 28. Re2 1/2-1/2